| 000 | 00347cam a22001217a 4500 | ||
|---|---|---|---|
| 008 | 180718b1990 xxu||||| |||| 00| 0 eng d | ||
| 082 | _aZ2 K155 CRS | ||
| 100 | _aKata, Venkata Reddy | ||
| 245 |
_aAgricultural production functions: an appraisal _cby Venkata Reddy Kata |
||
| 260 |
_aDelhi _bAjanta _c1990 |
||
| 300 | _a252p. | ||
| 650 | _aFarm produce | ||
| 999 |
_c347561 _d347561 |
||